Normal view
MARC view
Entry Topical Term
001 - CONTROL NUMBER
- control field: 33512
003 - CONTROL NUMBER IDENTIFIER
- control field: ARRUPE
005 - DATE AND TIME OF LATEST TRANSACTION
- control field: 20170725113847.0
008 - FIXED-LENGTH DATA ELEMENTS
- fixed length control field: 170725|| aca||aabn | a|a d
040 ## - CATALOGING SOURCE
- Original cataloging agency: ARRUPE
- Transcribing agency: ARRUPE
150 ## - HEADING--TOPICAL TERM
- Topical term or geographic name as entry element: Communism
- General subdivision: Russia
670 ## - SOURCE DATA FOUND
- Source citation: Work cat.: (ARRUPE): Carr, Edward Hallett 33490, Socialism in one country, 1924-1926, 1970